000 03464nab a22007337 4500
003 AR-RoUNA
022 _a0327-9022
040 _aAR-RoUNA
_bspa
041 _aspa
044 _aag
245 0 0 _aSumma+
260 _aBuenos Aires (Argentina):
_cDonn SA,
_b1993.
300 _a104 p. :
_bil. byn.
_bplanos
_c26x23 cm.
505 0 _tINDICE
505 0 _tARQUITECTURA
505 0 _aJorge Erbin / Segunda vuelta. p. 18.
505 0 _aBenadon-Berdichevsky- cherny-Robinsohn- Sanchez- Cardoza / Edificio Compaq, Avenida Libertador 238, Buenos Aires, Argentina. p. 18.
505 0 _aGüiraldes / Oficinas con amarra. Reciclaje de los docks de Puerto Madero, Buenos Aires, Argentina. p. 24.
505 0 _aRobirosa- Beccar- Varela- Pasinato- SEPRA / Puerto Viamonte 1 y 2 Complejo multifuncional, Puerto Madero. p. 25
505 0 _aRoberto Fernández / Envases terciarios. p. 30
505 0 _aEnrique Browne / Edificio Consorcio, Santiago de Chile. p. 30
505 0 _aIcono del Millennium3. p. 36
505 0 _aRafael Viñoly / Edificio Samsung. Centro Cultural de Educación y Entrenamiento, Seul, Corea del Sur. p. 36.
505 0 _tTEXTOS
505 0 _aLucio Neuman / Poesía, empresa y arquitectura. p. 39.
505 0 _aFernando diez / El carácter de las cosas. p. 42
505 0 _aProyecto para el Concurso de la Tete de la Defense. p. 42
505 0 _aDiana Agrest y Mario Gandelsonas / Des Moines Viston Plans. Plan urbano para la ciudad de Des Moines, EEUU, 1994. p. 43
505 0 _aDiana Agrest y Mario Gandelsonas / La casa también es una ciudad, Casa en Sag Pond. p. 46
505 0 _aDiana Agrest y Mario Gandelsonas / Departamento en Central Park West, EEUU. p. 50
505 0 _tDISEÑO INDUSTRIAL -- EVENTOS INTERNACIONALES
505 0 _aThema Domus: feria a la alemana. p. 54
505 0 _aVerónica E. Fontana. p. 56.
505 0 _tCIUDAD Y ECOLOGIA
505 0 _aRamón Folch / Especie dominante en peligro de extinción. p. 58.
505 0 _tCOMUNICACION SOCIAL
505 0 _aMarta Zátonyi / El espejo de la empresa. .p. 64.
505 0 _aAgora Sopba y SOCETEC / Imagen empresaria. Estación de servicio YPF. p. 65
505 0 _aDepartamento Desarrollo Imagen de la Red / Correo Argentino. p. 70.
505 0 _tARTE
505 0 _tPLASTICA -- DIBUJOS DE ARQUITECTOS
505 0 _aJorge Glusberg / Bellas Artes por arquitectos. p. 72
505 0 _tFRAGMENTOS -- APUNTES DE VIAJES
505 0 _aAdriana Irigoyen / ¿Se acuerdan de Elvis cuando movía la pelvis?. p. 78
505 0 _tUNIVERSITARIAS
505 0 _aCayetana Mercé / Mucha tela. La carrera de Diseño Textil e indumentaria de la FADU/UBA. p. 80.
505 0 _tDIALOGOS
505 0 _tMarina Waisman y César Naselli / A propósito de vanguardias y modernidades. p. 82
505 0 _tCOMPUTACION GRAFICA
505 0 _aPablo Meninato y Jorge Pelaéz / AutoCAD a medida. p. 90
505 0 _tPRODUCCION Y Cia
505 0 _aShowroom en Puerto Madero. p. 94
505 0 _tPOST SCRIPTUM
505 0 _aMarina Waisman / Los héroes anónimos de la cultura. p.104
650 _aArquitectura contemporánea
650 _aDiseño industrial
_9979
650 _aEcologia
_92737
650 _aUrbanismo
_95
773 0 _aSumma+:
_dBuenos Aires, Argentina
_gNº11 (feb-mar 1995) p.104.
_x0327-9022
908 _aImp
942 _2udc
_cART
945 _d2022-07-08
980 _65
_aMaría Machado
_85
_gMaría Machado
999 _c11737
_d11737